000 nam a22 a 4500
999 _c1485
_d1485
005 20170509161142.0
008 170509b1975 xxu||||| |||| 00| 0 eng d
020 _a0870145134
_c $10.00
040 _aAKMAL
082 _a306.3 BEC
090 _a306.3
_bBEC
100 _aBecker, Gary S.
_d1930-2014.
_92951
245 _aHuman capital
_ba theoretical and empirical analysis, with special reference to education /
_cby Gary S. Becker.
250 _a2d ed
260 _a New York
_bNational Bureau of Economic Research : distributed by Columbia University Press
_c1975.
300 _axvii, 268 p.
_bill.
_c24cm
490 _aHuman behavior and social institutions
_v5
504 _aIncludes bibliographical references and index.
650 _aEducation
_xEconomic aspects.
_92952
650 _aVocational guidance.
_92953
852 _aBritish Library
_bDSC
942 _2ddc
_cBOOK